| 000 | 00987nas a2200325 4500 | ||
|---|---|---|---|
| 001 | BR2012004200 | ||
| 003 | BR-BrBNA | ||
| 005 | 20231205120709.0 | ||
| 007 | ta | ||
| 008 | 230509b bl.|||p| |||| 00| 00por d | ||
| 040 |
_aBR-BrBNA _bpor _cBiblioteca Nacional de Agricultura |
||
| 041 | _a(En) | ||
| 072 | _aH10; F30 | ||
| 100 | 1 | _aPereira, G.S. | |
| 100 | 1 | _aPadilha, L. | |
| 100 | 1 | _aPinho, E.V.R. von | |
| 100 | 1 | _aTeixeira, R. de K.S. | |
| 100 | 1 | _aCarvalho, C.H.S. de | |
| 100 | 1 | _aMaluf, M.P. | |
| 100 | 1 | _aCarvalho, B.L. de | |
| 245 | 1 | _aMicrosatellite markers in analysis of resistance to coffee leaf miner in Arabica coffee | |
| 650 | _aCAFÉ | ||
| 650 | _aCOFFEA ARABICA | ||
| 650 | _aGENÓTIPO | ||
| 650 | _aBICHO MINEIRO | ||
| 650 | _aLEUCOPTERA COFFEELLA | ||
| 773 | 0 |
_tPesquisa Agropecuária Brasileira (Brazil) _xISSN 0100-204X _g(Dec 2011), v. 46(12) p. 1680-1656 _wBR2012004200 |
|
| 909 |
_a202311 _bLúcia _c55 _dLúcia Elande |
||
| 942 |
_2AGRIS _n0 _cANA |
||
| 999 |
_c219822 _d219822 |
||